Barcelona vs Real Madrid - Statistics

General Stats
  • This quiz has been taken 112 times
  • The average score is 8 of 10
Answer Stats
Hint Answer % Correct
What is Barcelona vs Real Madrid called? El Classico
100%
What country is Barcelona and Real Madrid? Spain
96%
Who scored the most for Barcelona? Messi
95%
Who has the most G/A in the El Classico? Messi
95%
Who scored the most goals in El Classico? Messi
95%
Who assisted the most in El Classico? Messi
95%
Who scored the most for Real Madrid? Ronaldo
92%
how many times has Barcelona beat Real Madrid? 103
60%
How Many times did Real Madrid beat Barcelona? 105
60%
How Many times did Barcelona face Real Madrid? 261
40%
No matching quizzes found
Score Distribution
Percent of People with Each Score
Percentile by Number Answered
Your Score History
You have not taken this quiz